|
|
|
|
| LEADER |
01739cam a2200469 a 4500 |
| 001 |
nkc20122379557 |
| 003 |
CZ PrNK |
| 005 |
20121001141028.0 |
| 007 |
ta |
| 008 |
120622s2012 xr abe e f 001 0 cze d |
| 015 |
|
|
|a cnb002379557
|
| 020 |
|
|
|a 978-80-256-0703-9
|q (brož.)
|z 978-80-256-703-9
|
| 035 |
|
|
|a (OCoLC)817047717
|
| 040 |
|
|
|a KLG001
|b cze
|d OLA001
|d ABA001
|
| 041 |
1 |
|
|a cze
|h eng
|
| 043 |
|
|
|a e-sp---
|
| 072 |
|
7 |
|a 913(4)
|x Geografie Evropy, reálie, cestování
|2 Konspekt
|9 7
|
| 080 |
|
|
|a 913(460)
|2 MRF
|
| 080 |
|
|
|a (036)913
|2 MRF
|
| 245 |
0 |
0 |
|a Poznáváme Španělsko /
|c Stuart Butler ... [et al. ; překlad Tereza Horvátová, K.H. Doutná]
|
| 246 |
3 |
0 |
|a Španělsko
|
| 250 |
|
|
|a 1. české vyd.
|
| 260 |
|
|
|a Praha :
|b Svojtka & Co.,
|c 2012
|
| 300 |
|
|
|a 373 s. :
|b barev. il., mapy, plány ;
|c 20 cm
|
| 490 |
1 |
|
|a Z řady průvodců Lonely Planet
|
| 500 |
|
|
|a Přeloženo z angličtiny
|
| 500 |
|
|
|a Španělsko-český slovník
|
| 500 |
|
|
|a Obsahuje rejstřík
|
| 655 |
|
7 |
|a turistické průvodce
|7 fd133738
|2 czenas
|
| 655 |
|
9 |
|a tourist guidebooks
|2 eczenas
|
| 651 |
|
7 |
|a Španělsko
|7 ge131543
|2 czenas
|
| 651 |
|
9 |
|a Spain
|2 eczenas
|
| 700 |
1 |
|
|a Butler, Stuart
|7 osa2012688771
|4 aut
|
| 765 |
0 |
|
|t Discover Spain
|9 Česky
|
| 830 |
|
0 |
|a Z řady průvodců Lonely Planet
|0 s
|
| 910 |
2 |
|
|a BOA001
|b 1-1288.683
|
| 990 |
|
|
|a BK
|
| 995 |
|
|
|a 01
|
| 991 |
|
|
|b 201208
|c NOV
|e n
|
| 996 |
6 |
|
|b 2610519401
|c 1-1288.683
|l MZK
|r Sklad / do 1 hodiny
|n 6
|p p.v.
|w 001273213
|u 000010
|a 1
|e BOA001
|j MZK50
|s P
|
| 996 |
7 |
|
|b 2610521270
|c 1-1288.683
|l MZK
|r Sklad / do 1 hodiny
|n 0
|p kup
|w 001273213
|u 000020
|a 1
|e BOA001
|j MZK50
|s A
|
| 996 |
7 |
|
|b 2610521271
|c 1-1288.683
|l MZK
|r Sklad / do 1 hodiny
|n 46
|p kup
|w 001273213
|u 000030
|a 1
|e BOA001
|j MZK50
|s A
|